000 00385nam a2200157Ia 4500
008 230917s9999||||xx |||||||||||||| ||und||
040 _e46541
_aMAIN
041 _aEnglish
082 _a821.8 E46S
100 _aEliot, T S
245 0 _aSacred wood: Essays on poetry and criticism
250 _a7th ed.
260 _aLondon
_bMethuen
_c1972
300 _axxx, 171 p.
942 _cBK
999 _c139842
_d139842